| 000 | 01087cam a22003254i 4500 | ||
|---|---|---|---|
| 003 | PE-LiUPU | ||
| 005 | 20250731184105.0 | ||
| 008 | 150623s r 000 0 d | ||
| 035 | _a(Sirsi) a28820 | ||
| 040 |
_aPE-LiUPU _bspa _cPE-LiUPU _erda |
||
| 082 | 0 | 4 |
_a803 _bB13 _221 |
| 100 | 1 |
_aBach, Richard, _eautor. |
|
| 245 | 1 | 0 | _aJuan salvador gaviota. |
| 264 | 1 |
_aBarcelona, : _bPomaire, _c1972. |
|
| 300 |
_a93 pag : _bfotos ; _c20 cm. |
||
| 336 |
_atext _2rdacontent |
||
| 337 |
_aunmediated _2rdamedia |
||
| 338 |
_avolume _2rdacarrier |
||
| 505 | 0 | _aParte Una. - Parte Dos. | |
| 526 | _aP145 | ||
| 526 | _aP127 | ||
| 526 | _aP97 | ||
| 526 | _aP14 | ||
| 526 | _aP07 | ||
| 942 |
_2ddc _cBOOK |
||
| 949 |
_a803 B13 _wDEWEY _c1 _i34074 _lCCODEBUL1 _mBUL _p00.00 _r0 _sY _tBOOK _u2015-06-24 _xBIBLIOTECA _zUNKNOWN _0COMPRA _o.STAFF. Colección General |
||
| 596 | _a1 | ||
| 999 |
_a803 B13 _wDEWEY _c36110 _i34074 _f2021-11-5 _g5 _lCCODEBUL1 _mBUL _r0 _sY _tBOOK _u2015-6-24 _xBIBLIOTECA _zUNKNOWN _0COMPRA _o.STAFF. Colección General _d36110 |
||
| 980 |
_81 _gALBERTO SANCHEZ Responsable de Automatización |
||